Through Jade gate and central Asia: (Record no. 18404)

MARC details
000 -LEADER
fixed length control field 01057cam a22002891 4500
001 - CONTROL NUMBER
control field 9677312
003 - CONTROL NUMBER IDENTIFIER
control field BDDh-ASL
005 - DATE AND TIME OF LATEST TRANSACTION
control field 20231015025715.0
008 - FIXED-LENGTH DATA ELEMENTS--GENERAL INFORMATION
fixed length control field 771201s19501927enkbf 001 0 eng
010 ## - LIBRARY OF CONGRESS CONTROL NUMBER
LC control number 28010213
035 ## - SYSTEM CONTROL NUMBER
System control number (OCoLC)3458291
040 ## - CATALOGING SOURCE
Original cataloging agency DLC
Transcribing agency AzU
Modifying agency BDDh-ASL
-- DLC
042 ## - AUTHENTICATION CODE
Authentication code premarc
050 00 - LIBRARY OF CONGRESS CALL NUMBER
Classification number DS710
Item number .C25
082 ## - DEWEY DECIMAL CLASSIFICATION NUMBER
Classification number 919.58
Item number CAT
100 1# - MAIN ENTRY--PERSONAL NAME
Personal name Cable, Mildred.
245 10 - TITLE STATEMENT
Title Through Jade gate and central Asia:
Remainder of title an account of journeys in Kansu, Turkestan and the Gobi desert,
Statement of responsibility, etc. by Mildred Cable and Francesca French, with an introduction by Rev. John Stuart Holden.
260 ## - PUBLICATION, DISTRIBUTION, ETC.
Place of publication, distribution, etc. London:
Name of publisher, distributor, etc. Constable & Co., ltd.,
Date of publication, distribution, etc. 1950.
300 ## - PHYSICAL DESCRIPTION
Extent 318 p. :
Other physical details front., plates, fold. map. ;
Dimensions 19 cm.
500 ## - GENERAL NOTE
General note "First published 1927. Reprinted 1927."
651 #0 - SUBJECT ADDED ENTRY--GEOGRAPHIC NAME
Geographic name China
General subdivision Description and travel.
651 #0 - SUBJECT ADDED ENTRY--GEOGRAPHIC NAME
Geographic name Gobi Desert (Mongolia and China)
651 #0 - SUBJECT ADDED ENTRY--GEOGRAPHIC NAME
Geographic name Xinjiang Uygur Zizhiqu (China)
700 1# - ADDED ENTRY--PERSONAL NAME
Personal name French, Francesca,
Dates associated with a name 1871-1960,
Relator term joint author.
906 ## - LOCAL DATA ELEMENT F, LDF (RLIN)
a 7
b cbc
c oclcrpl
d u
e ncip
f 19
g y-gencatlg
942 ## - ADDED ENTRY ELEMENTS (KOHA)
Source of classification or shelving scheme Dewey Decimal Classification
Koha item type Books
Holdings
Withdrawn status Lost status Source of classification or shelving scheme Damaged status Not for loan Collection code Home library Current library Shelving location Date acquired Source of acquisition Total Checkouts Full call number Barcode Date last seen Copy number Price effective from Koha item type Public note
    Dewey Decimal Classification   Not For Loan Non-fiction Asiatic Society Library Asiatic Society Library Harrison Collection 09/29/2020 Donated by Prof. John B. Harrison   919.58 CAT 101590 09/29/2020 C-1 09/29/2020 Books RARE

Powered by Koha